Loga klubów w Ekstraklasie - Statystyki

Ogólne statystyki
  • Ten quiz został rozwiązany 626 razy
    153 od ostatniego zresetowania
  • Średni wynik to 17 z 18
Statystyki odpowiedzi
Obrazkowy Odpowiedź % Poprawnych
Legia Warszawa
100%
Górnik Zabrze
98%
Jagiellonia Białystok
98%
Korona Kielce
98%
Lech Poznań
98%
Raków Częstochowa
98%
GKS Katowice
96%
Pogoń Szczecin
96%
Cracovia
95%
Wisła Płock
95%
Arka Gdynia
93%
Motor Lublin
93%
Piast Gliwice
93%
Lechia Gdańsk
92%
Widzew Łódź
92%
Radomiak Radom
90%
Zagłębie Lubin
88%
Bruk-Bet Termalica Nieciecza
86%
Nie znaleziono quizów pasujących do podanych kryteriów
Rozkład punktacji
Procent ludzi z każdym wynikiem
Percentyl według liczby udzielonych odpowiedzi
Twoja historia wyników
Nie rozwiązałeś tego quizu od ostatniego zresetowania